Preservation of field latex to increase the production of latex shares in NES project (Record no. 65648)

MARC details
000 -LEADER
fixed length control field 00462nam a2200157Ia 4500
100 ## - MAIN ENTRY--AUTHOR NAME
Personal name Triwiyoso U
245 #0 - TITLE STATEMENT
Title Preservation of field latex to increase the production of latex shares in NES project
260 ## - PUBLICATION, DISTRIBUTION, ETC. (IMPRINT)
Name of publisher Indonesian Journal of Natural Rubber Research
Year of publication 1995
300 ## - PHYSICAL DESCRIPTION
Number of Pages 173-177
650 ## - SUBJECT ADDED ENTRY--TOPICAL TERM
Topical Term Hevea brasiliensis
650 ## - SUBJECT ADDED ENTRY--TOPICAL TERM
Topical Term Latex
650 ## - SUBJECT ADDED ENTRY--TOPICAL TERM
Topical Term Preservatives
700 ## - ADDED ENTRY--PERSONAL NAME
Personal name Handoko B
942 ## - ADDED ENTRY ELEMENTS (KOHA)
Koha item type Journals
Holdings
Withdrawn status Lost status Damaged status Not for loan Home library Current library Shelving location Date acquired Serial Enumeration / chronology Koha item type
      Journals RRII Library RRII Library Rubber chemistry 17/12/2021 Volume 13, Issue 2 Journals